Deutsche Geschichte - Juli - Statistiken

Allgemein
  • Dieses Quiz wurde 161 mal gespielt
  • Das Durchschnittsergebnis liegt bei 16 aus 31
Antwortstatistiken
Tag Jahr Frage Antwort % Korrekt
4 1926 Diese faschistische Jugendorganisation wird gegründet H {Hitler}jugend
97%
8 1990 Dieses Land wird zum dritten Mal Fußballweltmeister D Deutschland
96%
9 1873 In Deutschland wird diese Währung offiziell eingeführt M Mark
94%
19 1870 Dieser Staat erklärt Preußen den Krieg F Frankreich
91%
16 1050 Diese fränkische Reichs- & Großstadt wird zum ersten Mal urkundlich erwähnt N Nürnberg
89%
22 1938 Die im Dritten Reich eingeführte Kennkarte ist Vorgänger dieses bundesdeutschen Ausweises P {Personal}ausweis
89%
20 802 Kalif Harun ar-Raschid schenkt Karl dem Großen folgendes Tier E Elefant
83%
14 1861 Oskar Becker verübt ein Attentat auf diesen preußischen König W Wilhelm I.
80%
24 2010 In Duisburg sterben bei dieser Veranstaltung 21 Menschen L Loveparade
77%
6 1415 Jan Hus wird in dieser Stadt am Bodensee verbrannt K Konstanz
76%
23 1847 Das Preußische _____gesetz vereinheitlicht die für diese Bevölkerungsgruppe geltenden Rechtsnormen, sowie bestätigt und erweitert das Preußische _____edikt von 1812 J Juden
67%
12 1994 Durch die Entscheidung dieses Gerichts wird die Legalität von Auslandseinsätzen der Bundeswehr, unter gewissen Bedingungen, festgestellt B {Bundesverfassungs}gericht
66%
29 1948 Nach dem Bruch dieses Landes mit Stalin beschließt die SED politische Säuberungen J Jugoslawien
65%
10 1609 Als Reaktion auf die Gründung der Protestantischen Union wird diese Allianz gegründet L Katholische {Liga}
62%
21 2005 Dieser Bundespräsident löst den Bundestag auf und ordnet Neuwahlen an K Horst Köhler
57%
18 1905 In dieser deutschen Kolonie wird mit Lomé–Aného die erste Eisenbahnstrecke eröffnet T Togo
53%
25 1625 Dieser Feldherr wird zum Feldmarschall und Generalissimus ernannt W Albrecht Wallenstein
52%
13 1254 In Mainz wird dieser Städtebund gegründet R {Rheinischer} Städtebund
50%
17 1932 Im heutigen Hamburg sterben bei einem Kampf zwischen der SA und Kommunisten 18 Menschen A {Altona}er Blutsonntag
38%
1 1867 Ein Großteil Deutschlands wird in diesem Bundesstaat vereint N Norddeutscher Bund
35%
27 1900 Kaiser Wilhelm II. hält diese berühmte Rede H {Hunnen}rede
31%
31 1941 Hermann Göring beauftragt diesen SS-Obergruppenführer einen Plan zur Ausführung des Holocausts ("Endlösung der Judenfrage" im Nazijargon) vorzulegen H Reinhard Heydrich
29%
5 1436 Der Friede von Iglau beendet diese Kriege zwischen Anhängern des tschechischen Reformators Jan Hus und dem römisch-deutschen König Sigismund H {Hussiten}kriege
24%
3 1866 Mit dieser Schlacht entscheidet Helmuth Karl Bernhard von Moltke den Deutschen Krieg zugunsten Preußens K Schlacht von {Königgrätz}
24%
15 1410 Der Deutsche Orden verliert in dieser Schlacht gegen Polen und Litauen T Schlacht von {Tannenberg}
24%
7 1807 Der Vierte Koalitionskrieg wird durch diesen Frieden beendet T Frieden von {Tilsit}
18%
28 1742 Der Friede von Berlin bestätigt diesen Vorfrieden und beendet den Ersten Schlesischen Krieg B Vorfrieden von {Breslau}
17%
30 101. v.Chr. Gaius Marius schlägt diesen Germanenstamm bei Vercellae K Kimbern
10%
2 1807 Nach erfolgloser Belagerung ziehen sich die Franzosen von dieser preußischen (pommerschen) Festung zurück K Kolberg
10%
11 1920 In diesen ostpreußischen Abstimmungsgebieten stimmte eine überwältigende Mehrheit (98/92 %) für den Verbleib beim Deutschen Reich A|M Allenstein | Marienwerder
4%
26 1866 Durch diesen Vorfrieden wird der Deutsche Krieg beendet N Vorfrieden von {Nikolsburg}
2%
Keine übereinstimmenden Quizze gefunden
Verteilung der Resultate
Anzahl Personen mit jedem Resultat
Perzentil nach korrekt beantworteten Fragen
Ihre Resultats-Entwicklung
Sie haben dieses Quiz noch nicht gespielt